000 00716nam a2200217 a 4500
005 20210223125154.0
008 031010s1980 mx r 000 0 spa d
020 _a9684030428
035 _aUPN01000129918
049 _aCG
050 4 _aTK9965
_bJ3.38 1980
100 1 _aJacobowitz, Henry
245 1 0 _aElectricidad simplificada /
_cpor Henry Jacobowitz ; tr. A. R. Lora.
250 _a13a ed.
260 _aMéxico :
_bCompañía General de Ediciones,
_c1980.
300 _a190 p. :
_bil.
500 _aVersión en español de la Colección Made Simple Doubleday & Co. de Nueva York
650 4 _aELECTRICIDAD -
_xESTUDIO Y ENSEÑANZA
_914881
650 4 _aELECTRICIDAD -
_vMANUALES
_920191
905 _aLibro
999 _c102075
_d102075